Loading...
| Other Arts: Visual | 0 | 2 | 0 | 1 | 20 | 109 | 111.50 | 0 | 2 | 0.00 | 0.00 |
| Science - Physics | 0 | 2 | 0 | 1 | 20 | 119 | 123.00 | 0 | 2 | 0.00 | 0.00 |
| History - European | 0 | 1 | 0 | 0 | 10 | 133 | 133.00 | 0 | 1 | 0.00 | 0.00 |
| Other Science: Astronomy | 0 | 1 | 0 | 1 | 10 | 138 | 138.00 | 0 | 1 | 0.00 | 0.00 |
| Other Science: Earth Science | 0 | 1 | 0 | 0 | 10 | 127 | 127.00 | 1 | 1 | 0.00 | 0.00 |
| Science - Biology | 0 | 1 | 0 | 0 | 10 | 115 | 115.00 | 1 | 1 | 0.00 | 0.00 |
| Science - Chemistry | 0 | 1 | 0 | 0 | 10 | 130 | 130.00 | 0 | 1 | 0.00 | 0.00 |
| Beliefs | 0 | 1 | 0 | 0 | 10 | 115 | 115.00 | 0 | 1 | 0.00 | 0.00 |
| Ancient History and Archaeology | 0 | 0 | 0 | 0 | 0 | 0.00 | 0 | 0 | 0.00 | 0.00 | |
| 0 | 0 | 1 | 0 | -5 | 0.00 | 0 | 0 | 0.00 | 0.00 |